Open Data Biblioteca Nacional de Portugal


República Portuguesa: Ministério da Cultura
Biblioteca Nacional de Portugal

Catálogo da BNP: acesso por Identificadores Unívocos
Registos Bibliográficos associados ao registo de autoridade

Etiqueta de registo: 00230nam 2200025 450
001 1692583
003 http://id.bnportugal.gov.pt/bib/catbnp/1692583
010 ## $a978-972-8958-28-2
021 ## $aPT$b253564/07
100 ## $a20080929d2007 m y0pory0103 ba
101 0# $apor
102 ## $aPT
105 ## $aa z 001yy
106 ## $ar
200 1# $a A Atlântida e a verdade (re)velada$ebreve reflexões sobre o sistema esotérico$fJosé Manuel Freire$grev. Luís Baptista, Alexandre Anacleto
205 ## $a1ª ed
210 #9 $aCorroios$cZéfiro,$d2007
215 ## $a276, [4] p.$cil.$d25 cm
225 2# $aVentos da tradição
320 ## $aBibliografia, p. 247-250
675 ## $a141.33$vBN$zpor$3375016
675 ## $a908(309)$vBN$zpor$3917290
700 #1 $aFreire,$bJosé Manuel,$f1965 -$31344524
702 #1 $93$aBaptista,$bLuís$4640$3980816
702 #1 $aGabriel,$bAlexandre$4640$31259298
801 #0 $aPT$bBN$gRPC
900 ## $aBIBNAC$d20130602
966 ## $lBN$mFGMON$sS.A. 122635 V.$x1
966 ## $lBN$mFGMON$sS.A. 122635 V.-D $x1

Etiqueta de registo: 00230nam 2200025 450
001 2287350
003 http://id.bnportugal.gov.pt/bib/catbnp/2287350
010 ## $a978-989-677-222-2
021 ## $aPT$b563360/26
100 ## $a20260601d2026 m y0pory01030103ba
101 0# $apor
102 ## $aPT
105 ## $aa z 001yy
106 ## $ar
200 1# $aMistérios do som e da música$edo ruído do mundo à redescoberta da harmonia$ecom ilustrações poéticas de Maria Afonso$fJosé Manuel Freire$fil. poéticas Maria Afonso
205 ## $a1ª ed
210 #9 $aSintra$cZéfiro,$d2026
215 ## $a145, [3] p.$cil.$d23 cm
225 2# $aVentos da tradição
700 #1 $aFreire,$bJosé Manuel,$f1965 -$31344524
702 #1 $aAfonso,$bMaria,$f1961-$4205$31605748
801 #0 $aPT$bBN$gRPC
966 ## $lBN$mFGMON$x1
966 ## $lBN$mFGMON$x1
971 ## $cisantos$d20260601

OpendataBNP@bnportugal.pt | Mais informação sobre acesso aos dados BNP